000
00330 a2200157 4500
001
123311
020
_a
9781897457740
040
_c
Escola Canadense de Niteroi
245
1
0
_a
Complete ScienceSmart 1-2
250
_a
1 ed.
260
_a
Canada
362
0
_a
2015
490
0
_a
ScienceSmart
650
4
_a
Science
942
_c
BK
999
_c
123311
_d
123311